00397nam a22001217a 4500008004100000040005500041080002800096245006400124260004900188300001000237650001300247653001500260230608b |||||||| |||| 00| 0 eng d aNational Science LibrarycNational Science Library aR 802.0-093.35(038)bK1 aDictionary of the underworld c/ Routledge & Kegan Paul Ltd aLondon: bRoutledge & Kegan Paul Ltd, c1961 a817p. aLanguage aDictionary